Fundamentos del derecho civil patrimonial

Gardado en:
Detalles Bibliográficos
Autor Principal: Díez-Picazo y Ponce de León, Luis Maria (Author)
Formato: Libro
Idioma:Lingua castelá
Publicado: Madrid Civitas 2007
Edición:6a. ed
Subjects:
Tags: Engadir etiqueta
Sen Etiquetas, Sexa o primeiro en etiquetar este rexistro!

MARC

LEADER 00000nam a2200000 a 4500
001 UCI8399
003 CL-VaPUC
008 080904e20070000sp |||||||||||||||||spa|d
020 |a 9788447026654v.1 
020 |a 9788447029440v.2 
082 0 4 |a 346.4602  |b DIE  |2 21 
100 0 |a Díez-Picazo y Ponce de León, Luis Maria  |e author  |9 487207 
245 1 0 |a Fundamentos del derecho civil patrimonial 
250 |a 6a. ed 
300 |a 2 v 
942 |c BK 
945 |d 20080904 00:00:00  |a rbrito 
260 |a Madrid  |b Civitas  |c 2007 
500 |a v.1: Introducción: teoría del contrato 
500 |a v.2: Las relaciones obligatorias 
650 0 |a Derecho civil  |9 255013 
650 0 |a Propiedad   |9 255268 
650 0 |a Patrimonio  |9 257770 
650 0 |a Contratos  |9 255153 
650 0 |a Derecho privado  |9 258243 
650 0 |a Obligaciones   |9 255578 
583 |a last modification  |c 20161102 12:53:14  |k Rodrigo Vera 
999 |c 331308  |d 331306 
952 |0 0  |1 0  |4 0  |6 346_460200000000000_DIE_2007  |7 0  |8 A  |9 417699  |a BIBDER  |b BIBDER  |d 2019-11-22  |h v.1  |i 4476654  |l 2  |o 346.4602 DIE 2007  |p 4476654  |r 2025-01-24  |s 2025-01-23  |w 2019-11-22  |y BK  |k DER 
952 |0 0  |1 0  |4 0  |6 346_460200000000000_DIE_2007  |7 0  |8 A  |9 417700  |a BIBDER  |b BIBDER  |d 2019-11-22  |h v.2  |i 4476662  |l 1  |o 346.4602 DIE 2007  |p 4476662  |r 2025-01-22  |s 2025-01-22  |w 2019-11-22  |y BK  |k DER 
952 |0 0  |1 0  |3 erb  |4 0  |6 346_460200000000000_DIE_2007  |7 0  |8 A  |9 417701  |a BIBDER  |b BIBDER  |h v.1  |i 5163145  |l 5  |o 346.4602 DIE 2007  |p 5163145  |r 2024-05-06  |s 2024-05-03  |w 2019-11-22  |y BK  |z Catalogado en:20150605  |k DER 
952 |0 0  |1 0  |3 erb  |4 0  |6 346_460200000000000_DIE_2007  |7 0  |8 A  |9 417702  |a BIBDER  |b BIBDER  |h v.2  |i 5163153  |l 8  |m 2  |o 346.4602 DIE 2007  |p 5163153  |r 2024-11-29  |s 2024-11-29  |w 2019-11-22  |y BK  |z Catalogado en:20150605  |k DER